| 000 | 01129cam a22003254a 4500 | ||
|---|---|---|---|
| 001 | 16163502 | ||
| 005 | 20131204144520.0 | ||
| 008 | 100330t2011 xxua frb 001 0 eng | ||
| 010 | _a 2010010675 | ||
| 015 | _2bnb | ||
| 016 | 7 |
_a015432803 _2Uk |
|
| 020 | _a9780321547743 (alk. paper) | ||
| 020 | _a0321547748 (alk. paper) | ||
| 040 |
_aDLC _cDLC _dYDX _dBTCTA _dYDXCP _dUKM _dC#P _dBWX _dDLC |
||
| 050 | 0 | 0 |
_aTK7874 _b.W45 2011 |
| 082 | 0 | 4 |
_a621.395 _222 _bWES |
| 100 | 1 |
_aWeste, Neil H. E. _99165 |
|
| 245 | 1 | 0 |
_aCMOS VLSI design : _ba circuits and systems perspective / _cNeil H.E. Weste, David Money Harris. |
| 250 | _a4th ed. | ||
| 260 |
_aBoston, United States : _bAddison Wesley, _cc.2011. |
||
| 300 |
_axxv, 383 p. : _bill. col. ; _c26 cm. |
||
| 500 | _aIncludes index. | ||
| 504 | _aBibliography : p. 785-816. | ||
| 650 | 0 |
_aIntegrated circuits _xVery large scale integration _xDesign and construction. _934538 |
|
| 650 | 0 |
_aMetal oxide semiconductors, Complementary. _934539 |
|
| 653 |
_bEle _cDecember2013 |
||
| 655 |
_vtext book _933728 |
||
| 700 | 1 |
_aHarris, David Money. _934540 |
|
| 942 |
_2ddc _cBB _k621.395 WES |
||
| 999 |
_c17782 _d17754 |
||